BUBT Library Online Catalog

শহীদ বুদ্ধিজীবী স্মারক বক্তৃতা / (Record no. 7178)

000 -LEADER
fixed length control field 01041nam a22002297a 4500
003 - CONTROL NUMBER IDENTIFIER
control field BUBTL
008 - FIXED-LENGTH DATA ELEMENTS--GENERAL INFORMATION
fixed length control field 231205b ||||| |||| 00| 0 eng d
020 ## - INTERNATIONAL STANDARD BOOK NUMBER
International Standard Book Number 9844654084
082 ## - DEWEY DECIMAL CLASSIFICATION NUMBER
Edition number 22 nd
Classification number 954.92052 / Sh139s / 2004
100 ## - MAIN ENTRY--PERSONAL NAME
Personal name শহীদুল্লাহ, কাজী.
9 (RLIN) 5618
245 ## - TITLE STATEMENT
Title শহীদ বুদ্ধিজীবী স্মারক বক্তৃতা /
Statement of responsibility, etc. কাজী শহীদুল্লাহ
250 ## - EDITION STATEMENT
Edition statement ১ম সংস্করণ
260 ## - PUBLICATION, DISTRIBUTION, ETC. (IMPRINT)
Place of publication, distribution, etc. ঢাকা:
Name of publisher, distributor, etc. সাহিত্য প্রকাশ,
Date of publication, distribution, etc. ২০০৪
300 ## - PHYSICAL DESCRIPTION
Extent 112 পৃ.:
Other physical details ;
Dimensions 27 সিএম.
505 ## - FORMATTED CONTENTS NOTE
Formatted contents note শহীদ বুদ্ধিজীবী স্মারক বক্তৃতা
521 ## - TARGET AUDIENCE NOTE
Target audience note Bengali literature, Business, Social Sciences, Economics, English Literature
Source Purchase
526 ## - STUDY PROGRAM INFORMATION NOTE
Program name Bengali literature, Business, Social Sciences, Economics, English Literature
546 ## - LANGUAGE NOTE
Language note Bengali Language
650 ## - SUBJECT ADDED ENTRY--TOPICAL TERM
Topical term or geographic name as entry element Speech , , বক্তৃতা
9 (RLIN) 5619
856 ## - ELECTRONIC LOCATION AND ACCESS
Password 0
Logon 0
Link text Download
942 ## - ADDED ENTRY ELEMENTS (KOHA)
Source of classification or shelving scheme
Koha item type Books
Holdings
Withdrawn status Lost status Source of classification or shelving scheme Damaged status Not for loan Collection code Permanent location Current location Shelving location Date acquired Source of acquisition Cost, normal purchase price Total Checkouts Full call number Barcode Date last seen Copy number Cost, replacement price Price effective from Koha item type
        Not For Loan Historical Books Bangladesh University of Business and Technology Library Bangladesh University of Business and Technology Library General Stacks 10/30/2016 Purchase 100.00   954.92052 / Sh139s / 2004 BUBTL-200322856 12/05/2023 C-2 250.00 12/05/2023 Books
          Non-fiction Bangladesh University of Business and Technology Library Bangladesh University of Business and Technology Library General Stacks 10/30/2016   100.00   954.92052 / Sh139s / 2004 BUBTL-200322855 12/05/2023 C-1 250.00 12/05/2023 Books

More Information About Library

Library Hours

  • Open: 9.00 am. to 9.00 pm.
  • Only Sunday: 9.00 am. to 6.00 pm.
  • Closed: Holiday

Contact to the University

Bangladesh University of Business and Technology Library

  • Mirpurl-2, 1216.
  • Phone:
  • Fax:
  • E-Mail: admin.library@bubt.edu.bd

Contact to the Library

Contact Person:

Md. Abdul Hakim Shah
Joint Librarian
PABX No:  113
Cell No: 01816332931
E-mail: official: admin.library@bubt.edu.bd
Personal: hakim.shah@bubt.edu.bd


BUBT Library

Copyright © 2021